000 00889nam a2200301Ia 4500
001 25357
003 IT-RoPAU
008 130308s9999 xx 000 0 und d
040 _aIT-RoPAU
040 _cIT-RoPAU
041 _aFRANCESE
100 _aAvnerre Ari
100 _gCodice Aut. SPICS: 11851
245 _aIndustrie du livre dans un petit pays industrialisè (L'): Israel
245 _bIndustries Culturelles (Les)-Un Enjeu pour l'avenir de la Culture
250 _a1a ed.
260 _aPARIS
260 _bUnesco
260 _c1982 [1° Ed.:1982 - Ed.Ling.Originale:1982]
300 _a"18 p. (prefazione: no ; testo: 18 [pagine: 140-157])"
500 _aIndustria del Libro in un Piccolo paese Industrializzato Israele
650 _aSAGGI DI SOCIOLOGIA
650 _eCodice materia Spics: 3657
942 _cBK
957 _71
999 _c42977
_d42977
999 _bSI
999 _g1